000 00617nam a22002417a 4500
003 UA-OsUOA
001 29920
007 ta
008 20041101b un ||||| |||| 00| 0 ukr d
090 _a82.09
_bР89
942 _cBK
040 _aUA-OsUOA
_brus
_cUA-OsUOA
_dUA-OsUOA
245 _aРусская литература ХХ века. Дооктябрьский период
300 _a328 с.
955 _a0
041 _arus
080 _a82.09
260 _aКиев
_bВища школа
_c1984
044 _aUA
250 _n3-е изд., испр. и доп.
650 7 _2UDC
999 _c316320
_d316320